Design of equilibrium stage processes (Record no. 13251)

000 -LEADER
fixed length control field 00589nam a22002171 4500
001 - CONTROL NUMBER
control field 13251
003 - CONTROL NUMBER IDENTIFIER
control field BD-DhUET
008 - FIXED-LENGTH DATA ELEMENTS--GENERAL INFORMATION
fixed length control field 740517s1963 nyua b 000 0 eng
020 ## - INTERNATIONAL STANDARD BOOK NUMBER
International Standard Book Number 070586373
040 ## - CATALOGING SOURCE
Original cataloging agency DLC
Transcribing agency OAkU
Modifying agency BD-DhUET
082 ## - DEWEY DECIMAL CLASSIFICATION NUMBER
Classification number 660.28422
Item number SMI/1963
100 1# - MAIN ENTRY--PERSONAL NAME
Personal name Smith, Buford D.
245 10 - TITLE STATEMENT
Title Design of equilibrium stage processes
250 ## - EDITION STATEMENT
Edition statement 1st ed.
260 ## - PUBLICATION, DISTRIBUTION, ETC. (IMPRINT)
Place of publication, distribution, etc. New York
Name of publisher, distributor, etc. McGraw-Hill
Date of publication, distribution, etc. 1963
300 ## - PHYSICAL DESCRIPTION
Extent 647 p.
Other physical details ill.
Dimensions 24 cm.
490 ## - SERIES STATEMENT
Series statement McGraw-Hill chemical engineering series
504 ## - BIBLIOGRAPHY, ETC. NOTE
Bibliography, etc Includes bibliographies
650 #0 - SUBJECT ADDED ENTRY--TOPICAL TERM
Topical term or geographic name as entry element Chemical equilibrium
942 ## - ADDED ENTRY ELEMENTS (KOHA)
Koha item type General Book
Holdings
Shelving location Koha normalized classification for sorting Koha date last seen Withdrawn status Price effective from Not for loan Damaged status Source of classification or shelving scheme Lost status Koha full call number Sublocation or collection (holding branch) Date acquired Koha item type Copy number Location (home branch) Piece designation (barcode)
Circulation section660_284220000000000_SMI_19632015-03-02 2015-03-02    660.28422/SMI/1963Central Library, BUET2015-03-02General Book1Central Library, BUET34954
Circulation section660_284220000000000_SMI_19632015-03-03 2015-03-03    660.28422/SMI/1963Central Library, BUET2015-03-03General Book2Central Library, BUET29845
Circulation section660_284220000000000_SMI_19632015-03-03 2015-03-03    660.28422/SMI/1963Central Library, BUET2015-03-03General Book3Central Library, BUET29841
Circulation section660_284220000000000_SMI_19632015-03-03 2015-03-03    660.28422/SMI/1963Central Library, BUET2015-03-03General Book4Central Library, BUET29847
Circulation section660_284220000000000_SMI_19632015-03-03 2015-03-03    660.28422/SMI/1963Central Library, BUET2015-03-03General Book5Central Library, BUET29853
Circulation section660_284220000000000_SMI_19632015-03-03 2015-03-03    660.28422/SMI/1963Central Library, BUET2015-03-03General Book6Central Library, BUET29843
Circulation section660_284220000000000_SMI_19632015-03-03 2015-03-03    660.28422/SMI/1963Central Library, BUET2015-03-03General Book7Central Library, BUET29844
Circulation section660_284220000000000_SMI_19632015-03-03 2015-03-03    660.28422/SMI/1963Central Library, BUET2015-03-03General Book8Central Library, BUET29840
Circulation section660_284220000000000_SMI_19632015-03-03 2015-03-03    660.28422/SMI/1963Central Library, BUET2015-03-03General Book9Central Library, BUET34955
Circulation section660_284220000000000_SMI_19632015-05-11 2015-05-11    660.28422/SMI/1963Central Library, BUET2015-05-11General Book10Central Library, BUET11477
Circulation section660_284220000000000_SMI_19632015-05-11 2015-05-11    660.28422/SMI/1963Central Library, BUET2015-05-11General Book11Central Library, BUET29846
Circulation section660_284220000000000_SMI_19632015-05-11 2015-05-11    660.28422/SMI/1963Central Library, BUET2015-05-11General Book12Central Library, BUET34953
Circulation section660_284220000000000_SMI_19632015-05-11 2015-05-11    660.28422/SMI/1963Central Library, BUET2015-05-11General Book13Central Library, BUET18836
Circulation section660_284220000000000_SMI_19632015-05-11 2015-05-11    660.28422/SMI/1963Central Library, BUET2015-05-11General Book14Central Library, BUET29854
Circulation section660_284220000000000_SMI_19632015-05-11 2015-05-11    660.28422/SMI/1963Central Library, BUET2015-05-11General Book15Central Library, BUET29856
Circulation section660_284220000000000_SMI_19632015-05-19 2015-05-19    660.28422/SMI/1963Central Library, BUET2015-05-19General Book16Central Library, BUET29848
Reading section660_284220000000000_SMI_19632015-06-18 2015-06-18    660.28422/SMI/1963Central Library, BUET2015-06-18Reading Item17Central Library, BUET6449